000 00679nam a22002417a 4500
001 3702
003 FISKH
005 20240423091600.0
008 240423b cb ||||| |||| 00| 0 eng d
040 _aFISK
_beng
_cFISK
_dFISK
050 _aPZ7.K23
082 _a813.54
100 _aKeene Carolyn
_d1905-2002
245 _aThe secret of the old clock /
_cCarolyn Keene
260 _aCanada :
_bGrosset & Dunlap Inc,
_c2002
300 _a20 cm :
_c180 pages
505 _aM
520 _aNancy Drew's keen mind is tested when she searches for a missing will.
521 8 _a760
_bLexile NP
700 _aCarolyn Keene
942 _2ddc
_cBK
_n0
999 _c3702
_d3702